Incredible retreats/ (Record no. 7090)

MARC details
000 -LEADER
fixed length control field 00662nam a2200217Ia 4500
003 - CONTROL NUMBER IDENTIFIER
control field GBCCL
005 - DATE AND TIME OF LATEST TRANSACTION
control field 20241126110619.0
008 - FIXED-LENGTH DATA ELEMENTS--GENERAL INFORMATION
fixed length control field 180709b ||||| |||| 00| 0 eng d
020 ## - INTERNATIONAL STANDARD BOOK NUMBER
International Standard Book Number 0830724036
020 ## - INTERNATIONAL STANDARD BOOK NUMBER
International Standard Book Number 9780830724031
040 ## - CATALOGING SOURCE
Transcribing agency GBC
082 ## - DEWEY DECIMAL CLASSIFICATION NUMBER
Classification number 268.433
Item number FRE
245 ## - TITLE STATEMENT
Title Incredible retreats/
Statement of responsibility, etc. Jim Burns; Mike DeVries
260 ## - PUBLICATION, DISTRIBUTION, ETC.
Place of publication, distribution, etc. USA:
Name of publisher, distributor, etc. Gospel Light,
Date of publication, distribution, etc. ©1999
300 ## - PHYSICAL DESCRIPTION
Extent 173 pages : illustrations ;
Dimensions 28 cm.
440 ## - SERIES STATEMENT/ADDED ENTRY--TITLE
Title Fresh ideas, v. 7.
9 (RLIN) 12544
505 ## - FORMATTED CONTENTS NOTE
Formatted contents note Hot and tasty resources for youth workers"-- Cover.
650 ## - SUBJECT ADDED ENTRY--TOPICAL TERM
Topical term or geographic name entry element Spiritual retreats for youth.
9 (RLIN) 12545
650 ## - SUBJECT ADDED ENTRY--TOPICAL TERM
Topical term or geographic name entry element Church group work with youth.
9 (RLIN) 10280
942 ## - ADDED ENTRY ELEMENTS (KOHA)
Source of classification or shelving scheme Dewey Decimal Classification
Koha item type Books
Holdings
Withdrawn status Lost status Source of classification or shelving scheme Damaged status Not for loan Home library Current Library Shelving location Date acquired Total checkouts Full call number Barcode Date last seen Copy number Price effective from Koha item type
    Dewey Decimal Classification     GRACE BIBLE COLLEGE GRACE BIBLE COLLEGE Ministry & Mission 2018-07-09   268.433 FRE 010085 2025-05-01 v.7 c.1 2018-07-09 Books
    Dewey Decimal Classification     GRACE BIBLE COLLEGE GRACE BIBLE COLLEGE Ministry & Mission 2018-07-09   268.433 FRE 010416 2025-05-01 v.7 c.2 2018-07-09 Books
© Grace Bible College Library 2025